| 000 | 01599cam a22003737a 4500 | ||
|---|---|---|---|
| 003 | CHAP | ||
| 005 | 20220329141041.0 | ||
| 008 | 971013d1991 ii r 00110 eng d | ||
| 010 | _a61878 | ||
| 011 | _a62850 | ||
| 035 | _a67026 | ||
| 040 | _cCHAP | ||
| 082 | 0 | 4 |
_a633.1 _bI55 |
| 110 | 2 |
_aInternational Center for Agricultural Research in the Dry Areas. Germplasm Program Cereals _959577 |
|
| 245 | 1 | 0 |
_aAnnual report _c/by International Center for Agricultural Research in the Dry Areas. Germplasm Program Cereals |
| 260 |
_aAleppo, Syria : _bInternational Center for Agricultural Research in the Dry Areas. Germplasm Program Cereals _c199 -19 |
||
| 300 | _av. | ||
| 500 | _aLa biblioteca tiene : 1994, 1995, 1996, 1997, 1998 | ||
| 590 |
_aBATCH-UPD _b10 _c20130110 _lUCH01 _h0426 |
||
| 590 |
_aBATCH-UPD _b10 _c20130410 _lUCH01 _h0101 |
||
| 590 |
_aBATCH-UPD _b10 _c20130914 _lUCH01 _h0914 |
||
| 590 |
_aCONVERSION _b10 _c20130109 _lUCH01 _h1333 |
||
| 650 | 1 | 4 |
_aCereales _xGermoplasma. _921423 |
| 650 | 1 | 4 |
_aCereales _xInvestigación. _921429 |
| 650 | 1 | 4 |
_aCereales _xMejoramiento. _921433 |
| 901 | _aBK | ||
| 905 | _aAlejandra Carrasco M. | ||
| 942 | _cLIBRO | ||
| 949 |
_a633.1 I55 _bBC _cLIBRO _d33724000594875 _eLIBRO _f1995 _h93149 _i67026 _kDonaciØn _sb |
||
| 949 |
_a633.1 I55 _bBC _cLIBRO _d33724000641577 _eLIBRO _f1994 _h91327 _i67026 _si |
||
| 949 |
_a633.1 I55 _bBC _cLIBRO _d33724000704177 _eLIBRO _f1996 _h94156 _i67026 _kDonaciØn _sb |
||
| 949 |
_a633.1 I55 _bBC _cLIBRO _d33724000799854 _eLIBRO _f1997 _h98270 _i67026 _si |
||
| 949 |
_a633.1 I55 _bBC _cLIBRO _d33724000803433 _eLIBRO _f1998 _h98982 _i67026 _sex |
||
| 999 |
_c61878 _d61878 |
||